000 00289nam a2200121Ia 4500
008 191201s1998 xx 000 0 und d
100 _aEditorial
245 0 _aIllustrated Oxford Dictionary
260 _aN.Delhi
_bD.K.
_c1998
300 _a1008
650 _aGeneral Books
942 _2ddc
_cBK
999 _c3318
_d3318